Constance Stuart Larrabee (Record no. 3922)

MARC details
000 -CABECERA
campo de control de longitud fija 00803nam a2200205 a 4500
001 - NÚMERO DE CONTROL
campo de control BRCA_4210
005 - FECHA Y HORA DE LA ÚLTIMA TRANSACCIÓN
campo de control 20190320204603.0
008 - DATOS DE LONGITUD FIJA--INFORMACIÓN GENERAL
campo de control de longitud fija 020610s1984----u--a######---#000-0#eng-#
041 ## - CÓDIGO DE LENGUA
Código de lengua del texto/banda sonora o título independiente eng
044 ## - CÓDIGO DEL PAÍS DE LA ENTIDAD EDITORA/PRODUCTORA
Código MARC del país u
050 #4 - SIGNATURA TOPOGRÁFICA DE LA BIBLIOTECA DEL CONGRESO
Número de clasificación GN656.L3
Número de documento/Ítem .C66 1984
245 10 - MENCIÓN DE TÍTULO
Título Constance Stuart Larrabee
Resto del título Tribal Photographs.
260 ## - PUBLICACIÓN, DISTRIBUCIÓN, ETC.
Lugar de publicación, distribución, etc. Washington, D.C.
Nombre del editor, distribuidor, etc. The Corcoran Gallery of Art
Fecha de publicación, distribución, etc. 1984
300 ## - DESCRIPCIÓN FÍSICA
Extensión 1 v. (sin paginación)
Otras características físicas il.
Dimensiones 25 cm.
500 ## - NOTA GENERAL
Nota general Catálogo de la exposición realizada en The Corcoran Gallery of Art (Washington, D.C.), 7 abril - 3 junio, 1984
600 14 - PUNTO DE ACCESO ADICIONAL DE MATERIA--NOMBRE DE PERSONA
Nombre de persona Larrabee, Constance Stuart
Fechas asociadas al nombre 1914-2000
9 (RLIN) 10858
650 14 - PUNTO DE ACCESO ADICIONAL DE MATERIA--TÉRMINO DE MATERIA
Término de materia o nombre geográfico como elemento de entrada Etnología
Subdivisión de forma Exposiciones
Subdivisión general Trabajos Ilustrados
Subdivisión geográfica Sudáfrica
9 (RLIN) 10859
651 #4 - PUNTO DE ACCESO ADICIONAL DE MATERIA--NOMBRE GEOGRÁFICO
Nombre geográfico Sudáfrica
Subdivisión de forma Exposiciones
Subdivisión general Vida social y costumbres
-- Trabajos Ilustrados
9 (RLIN) 10860
942 ## - ELEMENTOS DE PUNTO DE ACCESO ADICIONAL (KOHA)
Fuente del sistema de clasificación o colocación Library of Congress Classification
Tipo de ítem Koha Libros
Holdings
Estado de retiro Estado de pérdida Estado dañado No para préstamo Localización permanente Ubicación/localización actual Fecha de adquisición Total de préstamos Signatura topográfica completa Código de barras Fecha visto por última vez Precio válido a partir de Tipo de ítem Koha
El ejemplar forma parte de la colección y puede ser consultado según las políticas vigentes.       Biblioteca del Museo Franz Mayer (Rogerio Casas-Alatriste) Biblioteca del Museo Franz Mayer (Rogerio Casas-Alatriste) 01/06/2010   GN656.L3 .C66 1984 02451 22/03/2019 22/03/2019 Libros